| 000 | 00577nam a2200253Ia 4500 | ||
|---|---|---|---|
| 005 | 20250425161818.0 | ||
| 008 | 250425s9999 xx 000 0 und d | ||
| 020 | _a844930178X | ||
| 041 | _aspa | ||
| 043 | _asp | ||
| 082 | _a330 | ||
| 100 | _aDAVIS, STAN | ||
| 245 | 0 | _aLA VELOCIDAD DE LOS CAMBIOS EN LA ECONOMIA INTERCONECTADA: BLUR | |
| 250 | _a1A ED. | ||
| 260 | _aBARCELONA | ||
| 260 |
_aEspaƱa _bPAIDOS _c1999 |
||
| 300 | _a208 | ||
| 650 | _aECONOMIA | ||
| 650 | _aOFERTA | ||
| 650 | _aRECURSOS | ||
| 710 | _aPAIDOS | ||
| 942 | _c01 | ||
| 010 | _a30693 | ||
| 999 |
_c216621 _d216621 |
||